000 00544nam a22001697a 4500
005 20260514111721.0
008 260514b |||||||| |||| 00| 0 eng d
020 _aBusiness Model Design and Learning: A Strategic Guide
041 _aEng
082 _a658.4012 SPE
100 _aSpencer, Barbara
245 _aBusiness Model Design and Learning: A Strategic Guide Strategic Management
260 _aNew York
_bBusiness Expert Press
_c2013
300 _a138;. P. 23 cm
650 _aStrategic Management; Business enterprises
942 _cBK
999 _c46584
_d46584